书目信息 |
| 题名: |
土木建筑系列英语 第三级
|
|
| 作者: | 薛戈主编 | |
| 分册: | 工程机械 | |
| 出版信息: | 北京 中国建筑工业出版社 1989.06 |
|
| 页数: | 329页 | |
| 开本: | 大32开 | |
| 丛书名: | ||
| 单 册: | ||
| 中图分类: | H319.4-43:TU | |
| 科图分类: | ||
| 主题词: | ||
| 电子资源: | ||
| ISBN: | 7-112-00540-X | |
| 000 | 00530nam0 2200169 45 | |
| 001 | 0199002536 | |
| 005 | 20231004155629.19 | |
| 010 | @a7-112-00540-X@d90.25元 | |
| 100 | @a19990804d km y0chiy0120 ea | |
| 101 | 0 | @achi |
| 105 | @a z 000yy | |
| 200 | 1 | @Atu mu jian zhu xi lie ying yu di san ji@FXUE GE ZHU BIAN@a土木建筑系列英语 第三级@h工程机械@f薛戈主编 |
| 210 | @a北京@c中国建筑工业出版社@d1989.06 | |
| 215 | @a329页@c无图表@d大32开 | |
| 690 | @aH319.4-43:TU | |
| 801 | 0 | @aCN@bMUSE@c20231004 |
| 905 | @dH319.4-43:TU@eCH924@f1 | |
| 土木建筑系列英语 第三级.工程机械/薛戈主编.-北京:中国建筑工业出版社,1989.06 |
| 329页:无图表;大32开 |
| ISBN 7-112-00540-X:90.25元 |
| ● |
| 相关链接 |
|
|
|
正题名:土木建筑系列英语 第三级
索取号:H319.4-43:TU/CH924
 
预约/预借
| 序号 | 登录号 | 条形码 | 馆藏地/架位号 | 状态 | 备注 |
| 1 | 25514 | 200224462 | 社科二线400B/400B社科库 4排1列5层/ [索取号:H319.4-43:TU/CH924] | 在馆 |